Regla de la gloriosa santa Clara, con las constituciones de las monjas capuchinas del santissimo crucifixo de Roma, reconocidas, y reformadas por el padre general de los capuchinos. Y con las adiciones a los estatutos de dicha regla, sacadas de las que el Illustrissimo Señor Don Alonso Coloma, obispo de Barcelona dió á las monjas capuchinas de la misma ciudad, en el principio de su fundacion el año de 1603. Que despues la Santidad de Paulo V de fel. rec. por Breve particular concedió á la abadessa, y monjas del Convento de santa Clara de Valencia, en 22 de agosto del año 1617. Que es la que hoy guardan las monjas capuchinas de Castilla

Detalles Bibliográficos
Autor Corporativo: Capuchinas
Formato: Libro
Lenguaje:Spanish
Publicado: impresso con licencia en Madrid : por Luis Sanchez, y por su original en Toledo, por Juan Ruiz de Pereda, 1647.
Materias:
Colección:Banco de datos
Acervo:Biblioteca Félix de Jesús Rougier de los Misioneros del Espíritu Santo. Fondo Antiguo
Descripción Física:[5] h., 356 p. ; 8°
Tema general:Religiosos
Clarisas
Notas:Portada tipográfica con grabado central xilográfico. Texto a renglón seguido. Incluye capitular en grabado xilográfico. Encuadernación en pergamino sobre cartón. Sello en tinta de la Biblioteca Félix de Jesús Rougier
LEADER 01452nam a22001810004500
035 |a 205 
041 0 |a spa 
110 1 |a Capuchinas 
245 1 0 |a Regla de la gloriosa santa Clara, con las constituciones de las monjas capuchinas del santissimo crucifixo de Roma, reconocidas, y reformadas por el padre general de los capuchinos. Y con las adiciones a los estatutos de dicha regla, sacadas de las que el Illustrissimo Señor Don Alonso Coloma, obispo de Barcelona dió á las monjas capuchinas de la misma ciudad, en el principio de su fundacion el año de 1603. Que despues la Santidad de Paulo V de fel. rec. por Breve particular concedió á la abadessa, y monjas del Convento de santa Clara de Valencia, en 22 de agosto del año 1617. Que es la que hoy guardan las monjas capuchinas de Castilla  
260 |a impresso con licencia en Madrid : por Luis Sanchez, y por su original en Toledo, por Juan Ruiz de Pereda, 1647. 
300 |a [5] h., 356 p. ; 8° 
500 |a Portada tipográfica con grabado central xilográfico. Texto a renglón seguido. Incluye capitular en grabado xilográfico. Encuadernación en pergamino sobre cartón. Sello en tinta de la Biblioteca Félix de Jesús Rougier 
650 1 0 |a Religiosos 
650 1 0 |a Clarisas 
949 |a Biblioteca Félix de Jesús Rougier, Fondo Antiguo 253 
942 |c ROUGIER 
943 |g Biblioteca Félix de Jesús Rougier de los Misioneros del Espíritu Santo. Fondo Antiguo 
999 |c 945224  |d 945224